| 000 | 00431nam a22001817a 4500 | ||
|---|---|---|---|
| 003 | LK-CoMWRAF | ||
| 005 | 20231117212823.0 | ||
| 008 | 231117b |||||||| |||| 00| 0 eng d | ||
| 020 | _a0721441106 | ||
| 040 |
_aLK-CoMWRAF _dLK-CoMWRAF _eLK-CoMWRAF |
||
| 041 | _aeng | ||
| 082 |
_a823 _bBEA |
||
| 245 | _aBeauty and the Beast | ||
| 260 |
_b Ladybird books Ltd, _c2000 |
||
| 300 | _a32p | ||
| 650 | _aChildren books | ||
| 942 | _cBK | ||
| 999 |
_c4119 _d4119 |
||